[Event "FICGS rapid silver 000284 email"]
[Site "FICGS email"]
[Date "2023.05.04"]
[Round "2"]
[White "Larwinski, Paul"]
[Black "Kruse, Herbert"]
[Result "1/2-1/2"]
[WhiteElo "2483"]
[BlackElo "2501"]
[PlyCount "29"]
[EventDate "2023.??.??"]
[EventType "match (rapid)"]
[EventRounds "2"]
[SourceTitle "Corr 2024"]
[Source "ChessBase"]
[SourceDate "2023.10.19"]
[SourceVersion "1"]
[SourceVersionDate "2023.10.19"]
[SourceQuality "1"]

1. d4 Nf6 2. c4 e6 3. Nf3 b6 4. g3 Ba6 5. Nbd2 d5 6. Bg2 Be7 7. 0-0 0-0 8. cxd5 exd5 9. Ne5 c5 10. Re1 cxd4 11. Ndf3 Re8 12. Ng5 Rf8 13. Ngf3 Re8 14. Ng5 Rf8 15. Ngf3 1/2-1/2

[Event "FICGS class M 000020 email"]
[Site "FICGS email"]
[Date "2023.04.08"]
[Round "1"]
[White "Larwinski, Paul"]
[Black "Kruse, Herbert"]
[Result "1/2-1/2"]
[WhiteElo "2481"]
[BlackElo "2499"]
[PlyCount "67"]
[EventDate "2023.??.??"]
[EventType "tourn (corr)"]
[EventRounds "1"]
[SourceTitle "Corr 2024"]
[Source "ChessBase"]
[SourceDate "2023.10.19"]
[SourceVersion "1"]
[SourceVersionDate "2023.10.19"]
[SourceQuality "1"]

1. e4 e5 2. Nf3 Nc6 3. Bc4 Nf6 4. d3 Bc5 5. c3 d6 6. 0-0 0-0 7. h3 a5 8. Re1 h6 9. Nbd2 Be6 10. Bb5 Qb8 11. Nf1 Qa7 12. Be3 Bxe3 13. Nxe3 Ne7 14. a4 Ng6 15. d4 Nxe4 16. Bd3 Nf6 17. Bxg6 fxg6 18. dxe5 dxe5 19. Nxe5 g5 20. Nc2 Rfe8 21. Nd4 Qc5 22. Nxe6 Rxe6 23. Nd7 Rxe1+ 24. Qxe1 Nxd7 25. Qe6+ Kh8 26. Qxd7 Qb6 27. Re1 Qxb2 28. Re8+ Rxe8 29. Qxe8+ Kh7 30. Qe4+ Kg8 31. Qe8+ Kh7 32. Qe4+ Kg8 33. Qe8+ Kh7 34. Qe4+ 1/2-1/2

[Event "FICGS class M 000020 email"]
[Site "FICGS email"]
[Date "2023.04.08"]
[Round "1"]
[White "Larwinski, Paul"]
[Black "Zidu, Jan"]
[Result "1/2-1/2"]
[WhiteElo "2481"]
[BlackElo "2470"]
[PlyCount "80"]
[EventDate "2023.??.??"]
[EventType "tourn (corr)"]
[EventRounds "1"]
[SourceTitle "Corr 2024"]
[Source "ChessBase"]
[SourceDate "2023.10.19"]
[SourceVersion "1"]
[SourceVersionDate "2023.10.19"]
[SourceQuality "1"]

1. d4 Nf6 2. c4 e6 3. g3 d5 4. Bg2 Bb4+ 5. Bd2 Be7 6. Nf3 0-0 7. 0-0 c6 8. Qc2 Nbd7 9. Rc1 a5 10. a3 b6 11. cxd5 cxd5 12. Nc3 Ba6 13. Bf4 h6 14. h4 b5 15. e4 b4 16. axb4 axb4 17. exd5 bxc3 18. d6 cxb2 19. Qxb2 Nd5 20. dxe7 Qxe7 21. Ne5 Rab8 22. Nc6 Rxb2 23. Nxe7+ Nxe7 24. Rxa6 Nf5 25. Rd1 Nf6 26. d5 Nxd5 27. Bxd5 exd5 28. Rxd5 Ne7 29. Rd7 Ng6 30. Bd6 Re8 31. Raa7 Rd2 32. h5 Ne5 33. Bxe5 Rxd7 34. Rxd7 Rxe5 35. Rd8+ Kh7 36. Rf8 Rxh5 37. Rxf7 Kg6 38. Ra7 Rf5 39. Ra6+ Rf6 40. Rxf6+ Kxf6 1/2-1/2

[Event "FICGS class M 000020 email"]
[Site "FICGS email"]
[Date "2023.04.08"]
[Round "1"]
[White "Lounek, Jan"]
[Black "Larwinski, Paul"]
[Result "1/2-1/2"]
[WhiteElo "2487"]
[BlackElo "2481"]
[PlyCount "142"]
[EventDate "2023.??.??"]
[EventType "tourn (corr)"]
[EventRounds "1"]
[SourceTitle "Corr 2024"]
[Source "ChessBase"]
[SourceDate "2023.10.19"]
[SourceVersion "1"]
[SourceVersionDate "2023.10.19"]
[SourceQuality "1"]

1. e4 e5 2. Nf3 Nc6 3. Bb5 a6 4. Ba4 Nf6 5. 0-0 Nxe4 6. d4 b5 7. Bb3 d5 8. dxe5 Be6 9. c3 Be7 10. Nbd2 Nc5 11. Bc2 d4 12. Nb3 d3 13. Bb1 Bf5 14. Nbd4 Nxd4 15. cxd4 Ne6 16. Bxd3 Bxd3 17. Qxd3 Qd5 18. Rd1 0-0 19. Be3 Rad8 20. h3 f5 21. exf6 Bxf6 22. Qa3 Rd6 23. Rac1 a5 24. Qxa5 Ra8 25. Qe1 Qxa2 26. Rd2 Qd5 27. Qd1 Rda6 28. Kh1 Be7 29. Ng1 Bd6 30. Rd3 Ra4 31. Ne2 b4 32. Ng1 Ra2 33. Rb1 Nf8 34. Nf3 Ng6 35. Qc2 Ne7 36. Re1 Nf5 37. Bc1 h6 38. Kg1 Ra1 39. Kf1 Kh8 40. Rdd1 b3 41. Qc3 Kg8 42. Qd3 Rf8 43. Qe2 Ra4 44. Qe6+ Qxe6 45. Rxe6 Rb8 46. Bd2 Rb5 47. Be1 Ne7 48. g3 Nd5 49. Rc1 Kh7 50. h4 Ra2 51. Re2 Ra4 52. Bd2 Ra2 53. Rb1 Nb6 54. Ne5 c5 55. Nf7 Bb8 56. dxc5 Nc4 57. Bc3 Rxc5 58. Kg2 Rf5 59. Nd8 Be5 60. g4 Bxc3 61. gxf5 Bxb2 62. Nf7 Kg8 63. Nd6 Nxd6 64. Rbxb2 Nxf5 65. Rxa2 bxa2 66. Rxa2 Nxh4+ 67. Kg3 Ng6 68. Ra7 Nf8 69. Kg4 Kh7 70. Kf5 Kg8 71. Rb7 Kh7 1/2-1/2

[Event "FICGS rapid silver 000282 email"]
[Site "FICGS email"]
[Date "2022.12.01"]
[Round "1"]
[White "Zidu, Jan"]
[Black "Larwinski, Paul"]
[Result "1/2-1/2"]
[WhiteElo "2469"]
[BlackElo "2486"]
[PlyCount "70"]
[EventDate "2022.??.??"]
[EventType "match (rapid)"]
[EventRounds "2"]
[SourceTitle "Corr 2024"]
[Source "ChessBase"]
[SourceDate "2023.10.19"]
[SourceVersion "1"]
[SourceVersionDate "2023.10.19"]
[SourceQuality "1"]

1. d4 d5 2. Nf3 Nf6 3. c4 dxc4 4. e3 e6 5. Bxc4 c5 6. 0-0 a6 7. b3 cxd4 8. Nxd4 Be7 9. Be2 0-0 10. Nd2 b5 11. Bb2 Bb7 12. Rc1 Qd7 13. N2f3 Bd6 14. a4 bxa4 15. bxa4 Rd8 16. Nd2 Nc6 17. Nc4 Bc7 18. Qb3 Rab8 19. Rfd1 Nxd4 20. Rxd4 Qe8 21. Rxd8 Qxd8 22. Qd3 Qxd3 23. Bxd3 Rc8 24. a5 Nd7 25. Rd1 Nc5 26. Be2 Rd8 27. Ba3 Rxd1+ 28. Bxd1 Nd7 29. Nd6 Ba8 30. Be2 Bxa5 31. Bxa6 Bb6 32. Bb7 Bxb7 33. Nxb7 Bc7 34. Nd6 Bxd6 35. Bxd6 f5 1/2-1/2

[Event "FICGS class M 000019 email"]
[Site "FICGS email"]
[Date "2022.08.04"]
[Round "1"]
[White "Larwinski, Paul"]
[Black "Kruse, Herbert"]
[Result "1/2-1/2"]
[WhiteElo "2491"]
[BlackElo "2493"]
[PlyCount "45"]
[EventDate "2022.??.??"]
[EventType "tourn (corr)"]
[EventRounds "1"]
[SourceTitle "Corr 2024"]
[Source "ChessBase"]
[SourceDate "2023.10.19"]
[SourceVersion "1"]
[SourceVersionDate "2023.10.19"]
[SourceQuality "1"]

1. Nf3 Nf6 2. c4 c5 3. Nc3 Nc6 4. g3 d5 5. d4 e6 6. cxd5 Nxd5 7. Bg2 cxd4 8. Nxd4 Nxc3 9. bxc3 Nxd4 10. Qxd4 Qxd4 11. cxd4 Bd6 12. 0-0 Rb8 13. e4 b5 14. Bd2 e5 15. Be3 0-0 16. f4 exd4 17. Bxd4 Be6 18. e5 Ba3 19. Bxa7 Rbc8 20. Rf3 Be7 21. Rf2 g6 22. a4 bxa4 23. Rxa4 1/2-1/2

[Event "FICGS class M 000018 email"]
[Site "FICGS email"]
[Date "2022.06.02"]
[Round "1"]
[White "Bernal Varela, Nelson"]
[Black "Larwinski, Paul"]
[Result "1/2-1/2"]
[WhiteElo "2473"]
[BlackElo "2494"]
[PlyCount "36"]
[EventDate "2022.??.??"]
[EventType "tourn (corr)"]
[EventRounds "1"]
[SourceTitle "Corr 2024"]
[Source "ChessBase"]
[SourceDate "2023.10.19"]
[SourceVersion "1"]
[SourceVersionDate "2023.10.19"]
[SourceQuality "1"]

1. c3 d5 2. d4 Nf6 3. Nf3 Bf5 4. Qb3 Qc8 5. c4 c6 6. Nc3 e6 7. Nh4 dxc4 8. Qxc4 Bc2 9. d5 Be7 10. dxe6 Qxe6 11. Qxe6 fxe6 12. g3 Nbd7 13. Bh3 Ne4 14. Nxe4 Bxe4 15. f3 Bd5 16. Ng2 Bb4+ 17. Kf2 Bc5+ 18. Ke1 Bb4+ 1/2-1/2

[Event "FICGS class M 000018 email"]
[Site "FICGS email"]
[Date "2022.06.02"]
[Round "1"]
[White "Ortiz, Clodomiro"]
[Black "Larwinski, Paul"]
[Result "1/2-1/2"]
[WhiteElo "2390"]
[BlackElo "2494"]
[PlyCount "96"]
[EventDate "2022.??.??"]
[EventType "tourn (corr)"]
[EventRounds "1"]
[SourceTitle "Corr 2024"]
[Source "ChessBase"]
[SourceDate "2023.10.19"]
[SourceVersion "1"]
[SourceVersionDate "2023.10.19"]
[SourceQuality "1"]

1. d4 d5 2. Bf4 c5 3. e3 Nc6 4. Nf3 cxd4 5. exd4 Bf5 6. c3 e6 7. Nbd2 h6 8. a4 Bd6 9. Bxd6 Qxd6 10. Bb5 Nge7 11. 0-0 0-0 12. Re1 Qc7 13. h3 Nc8 14. Bxc6 Qxc6 15. a5 Nd6 16. Ne5 Qc7 17. Nf1 Rfe8 18. Ng3 Bh7 19. Nh5 Qd8 20. Nf4 Rc8 21. Qg4 Qg5 22. h4 Qxg4 23. Nxg4 Nc4 24. Ra2 Bf5 25. Ne3 Nxe3 26. Rxe3 b5 27. Ra1 b4 28. cxb4 Rc4 29. Nxd5 Rxd4 30. Nc7 Rc8 31. Na6 Rc2 32. b5 Rxb2 33. Nc7 Rd7 34. b6 axb6 35. a6 Rxc7 36. a7 Rxa7 37. Rxa7 Rb1+ 38. Kh2 Rb4 39. h5 Rh4+ 40. Kg1 Rxh5 41. f3 Bg6 42. Rb3 b5 43. Ra5 Rd5 44. Raxb5 Rxb5 45. Rxb5 Bd3 46. Rb8+ Kh7 47. Rb7 Kg6 48. g3 h5 1/2-1/2

[Event "FICGS W-ch qf3 email"]
[Site "FICGS email"]
[Date "2022.03.14"]
[Round "2"]
[White "Larwinski, Paul"]
[Black "Ludgate, Alan"]
[Result "1/2-1/2"]
[WhiteElo "2490"]
[BlackElo "2506"]
[PlyCount "101"]
[EventDate "2022.??.??"]
[EventType "match (corr)"]
[EventRounds "5"]
[SourceTitle "Corr 2024"]
[Source "ChessBase"]
[SourceDate "2023.10.19"]
[SourceVersion "1"]
[SourceVersionDate "2023.10.19"]
[SourceQuality "1"]

1. d4 Nf6 2. c4 g6 3. Nc3 Bg7 4. e4 d6 5. Be2 0-0 6. Nf3 e5 7. 0-0 exd4 8. Nxd4 Re8 9. f3 Nc6 10. Be3 Nh5 11. Nc2 Be5 12. g3 f5 13. Nd5 Bxb2 14. Rb1 Bg7 15. g4 f4 16. Bf2 Nf6 17. Nxf4 Nd7 18. h4 Nc5 19. Qd5+ Kh8 20. Kg2 Bd7 21. Rh1 Rf8 22. Be3 Ne5 23. h5 Bc6 24. Qd1 g5 25. Nd5 h6 26. Nd4 Rf7 27. Nf5 b6 28. Rf1 Ne6 29. Qc2 Qf8 30. Rf2 Bb7 31. Rd1 c6 32. Nc3 Rd8 33. Bd3 Bc8 34. Rfd2 Bf6 35. Bf1 Rfd7 36. Rf2 Ba6 37. Qa4 Bb7 38. Qc2 Ba6 39. Qa4 Bb7 40. Qa3 Ng7 41. Bc1 c5 42. Nd5 Bxd5 43. Rxd5 Ne6 44. Qa4 Nf7 45. f4 gxf4 46. Bxf4 Nxf4+ 47. Rxf4 Qe8 48. Nxd6 Nxd6 49. Rxf6 Qxe4+ 50. Kh2 Nf5 51. Rxd7 1/2-1/2

[Event "FICGS class GM 000010 email"]
[Site "FICGS email"]
[Date "2022.01.21"]
[Round "1"]
[White "Larwinski, Paul"]
[Black "Marciz, Alexander"]
[Result "1/2-1/2"]
[WhiteElo "2490"]
[BlackElo "2500"]
[PlyCount "65"]
[EventDate "2022.??.??"]
[EventType "tourn (corr)"]
[EventRounds "6"]
[EventCategory "11"]
[SourceTitle "Corr 2024"]
[Source "ChessBase"]
[SourceDate "2023.10.19"]
[SourceVersion "1"]
[SourceVersionDate "2023.10.19"]
[SourceQuality "1"]

1. e4 c5 2. Nf3 Nc6 3. d4 cxd4 4. Nxd4 Nf6 5. Nc3 e5 6. Ndb5 d6 7. Bg5 a6 8. Na3 b5 9. Nd5 Be7 10. Bxf6 Bxf6 11. c3 Rb8 12. Nc2 Bg5 13. a4 bxa4 14. Ncb4 Nxb4 15. cxb4 Bd7 16. Bxa6 0-0 17. 0-0 Bc6 18. Bc4 Qd7 19. b3 axb3 20. Bxb3 Bxd5 21. Bxd5 Rxb4 22. Ra6 Kh8 23. Qa1 f5 24. Ra7 Qb5 25. Rb7 Qc5 26. Rxb4 Qxb4 27. exf5 Qd2 28. Bf3 Qf4 29. Qb1 Qxf5 30. Be4 Qe6 31. Bxh7 d5 32. Bc2 e4 33. g3 1/2-1/2

[Event "FICGS class GM 000009 email"]
[Site "FICGS email"]
[Date "2021.11.21"]
[Round "1"]
[White "Janisch, Manfred"]
[Black "Larwinski, Paul"]
[Result "1/2-1/2"]
[WhiteElo "2475"]
[BlackElo "2495"]
[PlyCount "33"]
[EventDate "2021.??.??"]
[EventType "tourn (corr)"]
[EventRounds "6"]
[EventCategory "11"]
[SourceTitle "Corr 2024"]
[Source "ChessBase"]
[SourceDate "2023.10.19"]
[SourceVersion "1"]
[SourceVersionDate "2023.10.19"]
[SourceQuality "1"]

1. e4 e5 2. Nf3 Nc6 3. Bb5 a6 4. Ba4 Nf6 5. 0-0 Nxe4 6. d4 b5 7. Bb3 d5 8. dxe5 Be6 9. c3 Be7 10. Be3 Qd7 11. Nbd2 Nxd2 12. Qxd2 Na5 13. Bg5 Nc4 14. Bxc4 bxc4 15. Qe3 c5 16. Bxe7 Qxe7 17. b3 1/2-1/2

[Event "FICGS class GM 000008 email"]
[Site "FICGS email"]
[Date "2021.10.09"]
[Round "1"]
[White "Larwinski, Paul"]
[Black "Szczepanski, Zbigniew"]
[Result "1/2-1/2"]
[WhiteElo "2508"]
[BlackElo "2474"]
[PlyCount "45"]
[EventDate "2021.??.??"]
[EventType "tourn (corr)"]
[EventRounds "6"]
[EventCategory "11"]
[SourceTitle "Corr 2024"]
[Source "ChessBase"]
[SourceDate "2023.10.19"]
[SourceVersion "1"]
[SourceVersionDate "2023.10.19"]
[SourceQuality "1"]

1. e4 e5 2. Nf3 Nc6 3. Bc4 Bc5 4. b4 Bxb4 5. c3 Be7 6. d4 Na5 7. Bd3 d6 8. dxe5 dxe5 9. Nxe5 Nf6 10. 0-0 0-0 11. Qc2 c5 12. Nd2 Qc7 13. f4 b6 14. c4 Nh5 15. g3 f6 16. Nef3 Nc6 17. Bb2 Nb4 18. Qb3 Bb7 19. Rae1 Nxd3 20. Qxd3 Rad8 21. Qe2 Bd6 22. Nh4 Bxf4 23. gxf4 1/2-1/2

[Event "FICGS class M 000016 email"]
[Site "FICGS email"]
[Date "2021.09.10"]
[Round "1"]
[White "Larwinski, Paul"]
[Black "Ortiz, Clodomiro"]
[Result "1/2-1/2"]
[WhiteElo "2508"]
[BlackElo "2427"]
[PlyCount "24"]
[EventDate "2021.??.??"]
[EventType "tourn (corr)"]
[EventRounds "1"]
[SourceTitle "Corr 2024"]
[Source "ChessBase"]
[SourceDate "2023.10.19"]
[SourceVersion "1"]
[SourceVersionDate "2023.10.19"]
[SourceQuality "1"]

1. Nf3 Nf6 2. g3 c5 3. Bg2 Nc6 4. 0-0 e5 5. e4 Be7 6. Nc3 d6 7. d3 Bg4 8. h3 Be6 9. Ng5 Bd7 10. Nf3 Be6 11. Ng5 Bd7 12. Nf3 Be6 1/2-1/2

[Event "FICGS class M 000016 email"]
[Site "FICGS email"]
[Date "2021.09.10"]
[Round "1"]
[White "Wosch, Arkadiusz"]
[Black "Larwinski, Paul"]
[Result "1/2-1/2"]
[WhiteElo "2414"]
[BlackElo "2508"]
[PlyCount "46"]
[EventDate "2021.??.??"]
[EventType "tourn (corr)"]
[EventRounds "1"]
[SourceTitle "Corr 2024"]
[Source "ChessBase"]
[SourceDate "2023.10.19"]
[SourceVersion "1"]
[SourceVersionDate "2023.10.19"]
[SourceQuality "1"]

1. e4 c6 2. d4 d5 3. Nc3 dxe4 4. Nxe4 Bf5 5. Ng3 Bg6 6. Nf3 Nd7 7. Bd3 e6 8. h3 Ngf6 9. 0-0 c5 10. b3 Qc7 11. Bb2 Bd6 12. Bxg6 hxg6 13. Re1 0-0 14. dxc5 Nxc5 15. Qe2 Rad8 16. a4 Rfe8 17. Rad1 a6 18. Ba1 Bxg3 19. fxg3 Nce4 20. Rxd8 Rxd8 21. Bxf6 Nxf6 22. Kh2 Nh5 23. Qf2 Rd5 1/2-1/2

[Event "FICGS W-ch qf2 email"]
[Site "FICGS email"]
[Date "2021.07.11"]
[Round "1"]
[White "Kruse, Herbert"]
[Black "Larwinski, Paul"]
[Result "1/2-1/2"]
[WhiteElo "2506"]
[BlackElo "2506"]
[PlyCount "72"]
[EventDate "2021.??.??"]
[EventType "match (corr)"]
[EventRounds "5"]
[SourceTitle "Corr 2022"]
[Source "ChessBase"]
[SourceDate "2021.10.24"]
[SourceVersion "1"]
[SourceVersionDate "2021.10.24"]
[SourceQuality "1"]

1. c4 e5 2. d3 Nf6 3. Nf3 Nc6 4. a3 d5 5. cxd5 Nxd5 6. e4 Nb6 7. Be2 Be7 8. 0-0 0-0 9. Be3 f5 10. Re1 f4 11. Bd2 Bg4 12. Bc3 Bxf3 13. Bxf3 a5 14. Qc2 Kh8 15. Nd2 Bc5 16. Rac1 Nd7 17. h3 Nd4 18. Bxd4 Bxd4 19. b4 axb4 20. axb4 c6 21. Bg4 Nf6 22. Nf3 Nxg4 23. hxg4 Rf6 24. b5 cxb5 25. Nxd4 Qxd4 26. Qc8+ Qd8 27. Qxd8+ Rxd8 28. Rc5 Rb6 29. Rb1 b4 30. Rc4 h5 31. gxh5 Rxd3 32. Rbxb4 Rd1+ 33. Kh2 Rxb4 34. Rxb4 Rd4 35. Rxb7 Rxe4 36. f3 Re2 1/2-1/2

[Event "FICGS W-ch qf2 email"]
[Site "FICGS email"]
[Date "2021.07.11"]
[Round "2"]
[White "Larwinski, Paul"]
[Black "Kruse, Herbert"]
[Result "1/2-1/2"]
[WhiteElo "2506"]
[BlackElo "2506"]
[PlyCount "59"]
[EventDate "2021.??.??"]
[EventType "match (corr)"]
[EventRounds "5"]
[SourceTitle "Corr 2022"]
[Source "ChessBase"]
[SourceDate "2021.10.24"]
[SourceVersion "1"]
[SourceVersionDate "2021.10.24"]
[SourceQuality "1"]

1. d4 Nf6 2. c4 e6 3. Nf3 b6 4. g3 Ba6 5. b3 Bb4+ 6. Bd2 Be7 7. Bg2 c6 8. Bc3 d5 9. Nbd2 Nbd7 10. Qc2 0-0 11. e4 Rc8 12. 0-0 Nxe4 13. Nxe4 dxe4 14. Qxe4 b5 15. c5 b4 16. Bxb4 Bxf1 17. Bxf1 a5 18. Bc3 Qc7 19. Re1 Nf6 20. Qc2 Nd5 21. Bd2 Bf6 22. h4 h5 23. Bc4 g6 24. Re4 Rfe8 25. Bg5 Bg7 26. a3 Ra8 27. Qd3 Qc8 28. Kg2 Ra7 29. Bd2 Rf8 30. Qe2 1/2-1/2

[Event "FICGS class GM 000005 email"]
[Site "FICGS email"]
[Date "2021.03.16"]
[Round "1"]
[White "Kruse, Herbert"]
[Black "Larwinski, Paul"]
[Result "1/2-1/2"]
[WhiteElo "2525"]
[BlackElo "2477"]
[PlyCount "32"]
[EventDate "2021.??.??"]
[EventType "tourn (corr)"]
[EventRounds "6"]
[EventCategory "11"]
[SourceTitle "Corr 2022"]
[Source "ChessBase"]
[SourceDate "2021.10.24"]
[SourceVersion "1"]
[SourceVersionDate "2021.10.24"]
[SourceQuality "1"]

1. e4 e5 2. Nf3 Nc6 3. Bb5 Nf6 4. d3 Bc5 5. Bxc6 dxc6 6. 0-0 Nd7 7. c3 0-0 8. d4 Bd6 9. Bg5 f6 10. Bh4 a5 11. Nbd2 a4 12. h3 Qe7 13. Bg3 exd4 14. Bxd6 cxd6 15. Nxd4 Nc5 16. Qc2 Re8 1/2-1/2

[Event "FICGS class GM 000005 email"]
[Site "FICGS email"]
[Date "2021.03.16"]
[Round "1"]
[White "Larwinski, Paul"]
[Black "Bernal Varela, Nelson"]
[Result "1/2-1/2"]
[WhiteElo "2477"]
[BlackElo "2500"]
[PlyCount "47"]
[EventDate "2021.??.??"]
[EventType "tourn (corr)"]
[EventRounds "6"]
[EventCategory "11"]
[SourceTitle "Corr 2022"]
[Source "ChessBase"]
[SourceDate "2021.10.24"]
[SourceVersion "1"]
[SourceVersionDate "2021.10.24"]
[SourceQuality "1"]

1. e4 c5 2. Nf3 d6 3. d4 cxd4 4. Nxd4 Nf6 5. Nc3 a6 6. Be3 e5 7. Nb3 Be7 8. f3 Be6 9. Qd2 h5 10. Nd5 Nxd5 11. exd5 Bf5 12. Be2 a5 13. a4 Nd7 14. 0-0 0-0 15. f4 exf4 16. Bxf4 Rc8 17. c3 Nf6 18. Rae1 Be4 19. c4 Qb6+ 20. Nd4 Bg6 21. Bf3 Rxc4 22. Rxe7 Rxd4 23. Rxb7 Qxb7 24. Qxd4 1/2-1/2

[Event "FICGS class GM 000005 email"]
[Site "FICGS email"]
[Date "2021.03.16"]
[Round "1"]
[White "Larwinski, Paul"]
[Black "Lounek, Jan"]
[Result "1/2-1/2"]
[WhiteElo "2477"]
[BlackElo "2474"]
[PlyCount "51"]
[EventDate "2021.??.??"]
[EventType "tourn (corr)"]
[EventRounds "6"]
[EventCategory "11"]
[SourceTitle "Corr 2022"]
[Source "ChessBase"]
[SourceDate "2021.10.24"]
[SourceVersion "1"]
[SourceVersionDate "2021.10.24"]
[SourceQuality "1"]

1. d4 d5 2. c4 c6 3. cxd5 cxd5 4. Bf4 Nc6 5. e3 Nf6 6. Bb5 Bg4 7. Nf3 e6 8. 0-0 Bd6 9. Bxd6 Qxd6 10. Nbd2 0-0 11. Qa4 Rfc8 12. Rfc1 Bxf3 13. Nxf3 Ne7 14. Bd3 Rxc1+ 15. Rxc1 Rc8 16. Rc2 Rxc2 17. Qxc2 b6 18. Ne5 h6 19. g3 Kf8 20. Kg2 Nd7 21. Nf3 Qc6 22. Qxc6 Nxc6 23. Bb5 Ndb8 24. Bxc6 Nxc6 25. Ne5 Nxe5 26. dxe5 1/2-1/2

[Event "FICGS class M 000014 email"]
[Site "FICGS email"]
[Date "2021.03.13"]
[Round "1"]
[White "Larwinski, Paul"]
[Black "Harding, Tim"]
[Result "1/2-1/2"]
[WhiteElo "2477"]
[BlackElo "2430"]
[PlyCount "57"]
[EventDate "2021.??.??"]
[EventType "tourn (corr)"]
[EventRounds "1"]
[SourceTitle "Corr 2024"]
[Source "ChessBase"]
[SourceDate "2023.10.19"]
[SourceVersion "1"]
[SourceVersionDate "2023.10.19"]
[SourceQuality "1"]

1. d4 Nf6 2. Nf3 d5 3. Bf4 c5 4. e3 Nc6 5. Nbd2 e6 6. c3 Bd6 7. Bg3 0-0 8. Bd3 b6 9. e4 Be7 10. e5 Nh5 11. Ng5 Bxg5 12. Qxh5 g6 13. Qe2 cxd4 14. h4 Be7 15. h5 dxc3 16. bxc3 d4 17. hxg6 hxg6 18. Ne4 Kg7 19. Nd6 Rh8 20. Rxh8 Qxh8 21. Qf3 Qh1+ 22. Ke2 Qh5 23. Qxh5 gxh5 24. Rh1 h4 25. Ne8+ Kf8 26. Nf6 hxg3 27. Rh8+ Kg7 28. Rh7+ Kf8 29. Rh8+ 1/2-1/2

[Event "FICGS class M 000014 email"]
[Site "FICGS email"]
[Date "2021.03.13"]
[Round "1"]
[White "Larwinski, Paul"]
[Black "Wosch, Arkadiusz"]
[Result "1-0"]
[WhiteElo "2477"]
[BlackElo "2438"]
[PlyCount "87"]
[EventDate "2021.??.??"]
[EventType "tourn (corr)"]
[EventRounds "1"]
[SourceTitle "Corr 2024"]
[Source "ChessBase"]
[SourceDate "2023.10.19"]
[SourceVersion "1"]
[SourceVersionDate "2023.10.19"]
[SourceQuality "1"]

1. e4 e5 2. Nf3 Nc6 3. Bb5 a6 4. Ba4 Nf6 5. 0-0 Be7 6. Re1 b5 7. Bb3 d6 8. c3 0-0 9. h3 Na5 10. Bc2 c5 11. d4 exd4 12. cxd4 cxd4 13. Nxd4 Bb7 14. Nf5 Re8 15. Nc3 Bf8 16. Qf3 h6 17. Rd1 Re6 18. Nd5 Rc8 19. Nd4 Nxd5 20. exd5 Re8 21. Qd3 g6 22. Ne6 Qe7 23. Nxf8 Qxf8 24. b3 Re5 25. Bf4 Rf5 26. Qe4 Rxf4 27. Qxf4 Rxc2 28. Rac1 g5 29. Qe3 Rxc1 30. Qxc1 Qe8 31. h4 Qc8 32. Qd2 Qd8 33. Re1 Bc8 34. Qe3 Kg7 35. Qd4+ Kh7 36. h5 Nb7 37. b4 Bd7 38. Rc1 Bf5 39. Qc3 Kg8 40. Qc6 Qe7 41. Qxa6 Qd7 42. Rc3 Kg7 43. Qb6 Nd8 44. Rc7 1-0

[Event "FICGS class M 000014 email"]
[Site "FICGS email"]
[Date "2021.03.13"]
[Round "1"]
[White "Marciz, Alexander"]
[Black "Larwinski, Paul"]
[Result "1/2-1/2"]
[WhiteElo "2454"]
[BlackElo "2477"]
[PlyCount "42"]
[EventDate "2021.??.??"]
[EventType "tourn (corr)"]
[EventRounds "1"]
[SourceTitle "Corr 2024"]
[Source "ChessBase"]
[SourceDate "2023.10.19"]
[SourceVersion "1"]
[SourceVersionDate "2023.10.19"]
[SourceQuality "1"]

1. d4 d5 2. Nf3 Nf6 3. c4 dxc4 4. e3 e6 5. Bxc4 c5 6. 0-0 a6 7. Bb3 b5 8. a4 Bb7 9. axb5 axb5 10. Rxa8 Bxa8 11. Qe2 c4 12. Bc2 Nbd7 13. b3 cxb3 14. Bxb3 Qb6 15. Bb2 Be7 16. Nbd2 0-0 17. Rc1 Bb7 18. e4 h6 19. Rb1 Rc8 20. h3 Bb4 21. Qd3 Bf8 1/2-1/2

[Event "FICGS rapid silver 000268 email"]
[Site "FICGS email"]
[Date "2021.02.13"]
[Round "2"]
[White "Larwinski, Paul"]
[Black "Kruse, Herbert"]
[Result "1/2-1/2"]
[WhiteElo "2478"]
[BlackElo "2501"]
[PlyCount "45"]
[EventDate "2021.??.??"]
[EventType "match (rapid)"]
[EventRounds "2"]
[SourceTitle "Corr 2022"]
[Source "ChessBase"]
[SourceDate "2021.10.24"]
[SourceVersion "1"]
[SourceVersionDate "2021.10.24"]
[SourceQuality "1"]

1. d4 Nf6 2. c4 e6 3. g3 d5 4. Bg2 Bb4+ 5. Nd2 0-0 6. Ngf3 b6 7. 0-0 Bb7 8. b3 Nbd7 9. Bb2 Rc8 10. Rc1 h6 11. cxd5 exd5 12. Ne5 c6 13. Nd3 Bd6 14. Re1 Re8 15. e4 Ba6 16. Qf3 dxe4 17. Nxe4 Nxe4 18. Rxe4 Rxe4 19. Qxe4 c5 20. dxc5 Nxc5 21. Nxc5 Bxc5 22. Bf1 Bxf1 23. Rxf1 1/2-1/2

[Event "FICGS class M 000008 email"]
[Site "FICGS email"]
[Date "2020.09.15"]
[Round "1"]
[White "Larwinski, Paul"]
[Black "Kruse, Herbert"]
[Result "1/2-1/2"]
[WhiteElo "2470"]
[BlackElo "2587"]
[PlyCount "27"]
[EventDate "2020.??.??"]
[EventType "tourn (corr)"]
[EventRounds "1"]
[SourceTitle "Corr 2024"]
[Source "ChessBase"]
[SourceDate "2023.10.19"]
[SourceVersion "1"]
[SourceVersionDate "2023.10.19"]
[SourceQuality "1"]

1. e4 e5 2. Nf3 Nc6 3. Bb5 Nf6 4. 0-0 Nxe4 5. d4 Nd6 6. Bxc6 dxc6 7. dxe5 Nf5 8. Qxd8+ Kxd8 9. Rd1+ Ke8 10. Nc3 Be7 11. Bg5 h6 12. Bxe7 Nxe7 13. Nd4 g5 14. Rd3 1/2-1/2

[Event "FICGS class M 000008 email"]
[Site "FICGS email"]
[Date "2020.09.15"]
[Round "1"]
[White "Larwinski, Paul"]
[Black "Marciz, Alexander"]
[Result "1/2-1/2"]
[WhiteElo "2470"]
[BlackElo "2431"]
[PlyCount "41"]
[EventDate "2020.??.??"]
[EventType "tourn (corr)"]
[EventRounds "1"]
[SourceTitle "Corr 2024"]
[Source "ChessBase"]
[SourceDate "2023.10.19"]
[SourceVersion "1"]
[SourceVersionDate "2023.10.19"]
[SourceQuality "1"]

1. e4 c5 2. Nf3 Nc6 3. Bb5 g6 4. Bxc6 bxc6 5. 0-0 Bg7 6. Re1 Nh6 7. c3 0-0 8. d4 cxd4 9. cxd4 d5 10. e5 f6 11. exf6 exf6 12. Nbd2 Nf5 13. Nb3 Re8 14. Bd2 Rxe1+ 15. Qxe1 h5 16. Ba5 Qe7 17. Qc3 Bd7 18. Bb4 Qf7 19. h4 Bh6 20. Qd3 Rb8 21. a3 1/2-1/2